000
00307nam a2200145Ia 4500
100
_a
Streetman/Ban
250
_a
4
942
_c
BK
654
_a
solid
245
_a
Solid state electronic devices
260
_b
prentice
_a
New Delhi
_c
1997
082
_a
621.381
_b
STR
300
_a
462
546
_a
ENGLISH
999
_c
28367
_d
28367